| 000 | 00351nam a2200133Ia 4500 | ||
|---|---|---|---|
| 008 | 240624s9999 xx 000 0 und d | ||
| 041 | _aeng | ||
| 082 | _a658.3 MAR | ||
| 100 | _aLUCIO MIGUEL MARTINEZ | ||
| 245 | _aINTERNATIONAL HUMAN RESOURCE MANAGEMENT | ||
| 260 |
_c2014 _aLondon _bSage |
||
| 300 | _axiii, : 305 : p. : cm. ; 23 | ||
| 365 |
_cGBP _b38 |
||
| 999 |
_c27385 _d27385 |
||